Les communes de la CC Flandre Intérieure (CCFI) - Statistiques

Statistiques générales
  • Ce quiz a été pris 57 fois
    55 depuis la dernière actualisation
  • Le résultat moyen est 21 sur 50
Statistiques - réponses
Communes % Correct
Hazebrouck
95%
Bailleul
80%
Cassel
70%
Caëstre
60%
Wallon-Cappel
60%
Méteren
55%
Steenvoorde
55%
Arnèke
50%
Borre
50%
Saint-Sylvestre-Cappel
50%
Steenwerck
50%
Berthen
45%
Boeschepe
45%
Flêtre
45%
Hondeghem
45%
Merris
45%
Morbecque
45%
Neuf-Berquin
45%
Noordpeene
45%
Sainte-Marie-Cappel
45%
Strazeele
45%
Vieux-Berquin
45%
Bavinchove
40%
Boëseghem
40%
Nieppe
40%
Pradelles
40%
Saint-Jans-Cappel
40%
Blaringhem
35%
Godewaersvelde
35%
Hardifort
35%
Houtkerque
35%
Le Doulieu
35%
Lynde
35%
Oudezeele
35%
Sercus
35%
Steenbecque
35%
Terdeghem
35%
Thiennes
35%
Winnezeele
35%
Zermezeele
35%
Eecke
30%
Ochtezeele
30%
Oxelaëre
30%
Renescure
30%
Staple
30%
Wemaers-Cappel
30%
Zuytpeene
30%
Ebblinghem
25%
Buysscheure
15%
Rubrouck
15%
Aucun quiz correspondant
Distribution des résultats
% des personnes avec chaque résultat
Percentile par nombre de réponses
Votre historique - résultats
Vous n’avez pas pris ce quiz depuis la dernière actualisation